STUDY OF THE ROOT BIOMASS IN THE HERB LAYER OF AN OAK-HORNBEAM FOREST

Bibliographic Details
Main Author: Šimonovič, Vojtech (Author)
Format: Article
Language:English

MARC

LEADER 00000nab a2200000uu 4500
001 vtls011441770
003 SK-MaSNL
005 20260303123312.0
008 230213|1973 xo |||||||||||||||||eng|
015 |a SNBRB 
035 |a (urnnbn)urn:nbn:sk:snk:ar-0031ar 
035 |a (uuid)3ed71ce8-45a1-4ab8-b045-9926705733cd 
035 |a urn:nbn:sk:snk-abcfxt 
040 |a SNKBUCL  |b slo  |c SNKBUCL  |e AACR2 
041 0 |a eng 
044 |a xo  |c SK 
100 1 |a Šimonovič, Vojtech  |4 aut  |9 5325 
245 1 0 |a STUDY OF THE ROOT BIOMASS IN THE HERB LAYER OF AN OAK-HORNBEAM FOREST  |c Vojtech Šimonovič 
773 0 |t Biológia : časopis Slovenskej akadémie vied  |g Roč. 28, č. 1 (1973), s. 11-22 
954 |a odborná, vedecká literatúra pôvodná (slovenská)  |2 lita 
958 |a OND 
958 |a EUIPO 
958 |a article16 
999 |c 1925008  |d 1926938